000 00446nam a22001697a 4500
005 20250307160144.0
008 250307b |||||||| |||| 00| 0 eng d
020 _a9780826460226
050 _aHF5635 JEN
100 _aJennings A. R.
245 _aFinancial Accounting
_cA. R. Jennings
250 _a2nd Ed.
260 _aLondon
_bThomson Learning
_c1993
300 _a652p.
_bill.
_c27 cm
650 _2Accounting
942 _2lcc
_cBK
_e2nd Ed.
_n0
999 _c4550
_d4550